Top 10 - Buteurs en Ligue 1 saison 19/20 - Statistiques

Statistiques générales
  • Ce quiz a été pris 48 fois
  • Le résultat moyen est 6 sur 10
Statistiques - réponses
Club Buts Joueur % Correct
Paris Saint-Germain 18 Kylian Mbappé
100%
AS Monaco 18 Wissam Ben Yedder
100%
Paris Saint-Germain 13 Neymar
98%
Olympique Lyonnais 16 Moussa Dembélé
77%
Paris Saint-Germain 12 Mauro Icardi
49%
Lille OSC 13 Victor Osimhen
49%
Olympique de Marseille 11 Dario Benedetto
35%
FC Metz 12 Habib Diallo
33%
AS Saint-Etienne 10 Denis Bouanga
12%
OGC Nice 11 Kasper Dolberg
7%
Aucun quiz correspondant
Distribution des résultats
% des personnes avec chaque résultat
Percentile par nombre de réponses
Votre historique - résultats
Vous n’avez pas pris ce quiz